Statistiques concernant Paroles - Clara Luciani - Le reste

Cliquez ici pour prendre le quiz!

Statistiques générales

  • Ce quiz a été pris 160 fois
  • Le résultat moyen est 110 sur 160

Statistiques - réponses

Paroles% Correct
le
100%
Le
100%
reste
99%
Je
98%
je
98%
la
98%
te
98%
de
95%
laisse
94%
a
93%
à
93%
ne
93%
et
92%
peau
92%
ton
89%
pas
88%
sur
87%
beau
83%
dos
82%
cul
81%
en
81%
me
81%
perdu
81%
beauté
80%
peux
80%
grain
79%
oublier
79%
suis
79%
corps
76%
un
76%
mais
75%
nu
74%
qu'une
73%
souvenir
71%
tout
71%
j'ai
70%
J'ai
70%
imbécile
69%
pouce
69%
Une
69%
allongée
68%
sais
68%
ému
67%
film
67%
refais
67%
J'me
66%
était
64%
gaché
64%
Puis
64%
retiens
64%
dans
63%
début
62%
t'imagine
60%
qui
59%
au
56%
mon
56%
piano
56%
mélodie
53%
jouer
50%
tu
50%
ce
48%
écho
47%
sens
45%
loin
43%
encore
42%
est
42%
coeur
41%
expire
41%
va
40%
oh-oh
39%
sans
39%
moins
38%
amoureuse
36%
jamais
36%
t'en
36%
aimé
35%
bientôt
35%
palpite
35%
idée
34%
mourir
34%
chasser
33%
d'une
33%
m'as
32%
merveille
31%
regarde
31%
rend
31%
miroir
30%
pauvre
30%
cruel
29%
sortir
29%
s'éteint
27%
bonheur
26%
Etais
25%
ici
25%
inventé
25%
Epier
24%
Figée
24%
tain
20%
d'où
19%

Distribution des résultats

Percentile par nombre de réponses

% des personnes avec chaque résultat

Votre développement - résultats

Vous n’avez pas pris ce quiz